|
|
|
|
| LEADER |
00773cam a2200217 a 4500 |
| 001 |
0000072672 |
| 005 |
20041122090000.0 |
| 040 |
|
|
|a mod
|
| 041 |
|
|
|a eng
|
| 020 |
0 |
0 |
|a 0415281199
|
| 090 |
0 |
0 |
|a 912.47
|b GIL
|e 2002
|
| 100 |
1 |
0 |
|a Gilbert
|h Martin, 1936
|
| 245 |
1 |
4 |
|a The Routledge atlas of Russian history
|c Martin Gilbert.H
|
| 260 |
0 |
0 |
|a London
|b Routledge
|c 2002
|
| 300 |
0 |
0 |
|a 166, [37] p
|b chiefly maps
|c 26 cm
|
| 650 |
0 |
0 |
|a Russia Historical geography Maps
|
| 650 |
0 |
0 |
|a Soviet Union Historical geography Maps.
|
| 700 |
1 |
1 |
|a Gilbert
|h Martin, 1936- Dent atlas of Russian history.
|
| 852 |
0 |
0 |
|a 01
|
| 999 |
|
|
|a 0226612
|b KEMENTAH
|d BOOKS
|e Rujukan
|f Perpustakaan KEMENTAH
|j AVAILABLE
|q GOOD CONDITION
|
| 999 |
|
|
|a 0235016
|b KEMENTAH
|d BOOKS
|e Rujukan
|f Perpustakaan KEMENTAH
|j AVAILABLE
|q GOOD CONDITION
|